|
|
|
|
| LEADER |
00000cam a2200000 7i4500 |
| 001 |
0000008863 |
| 005 |
20060809093000.0 |
| 020 |
|
|
|a 0072470267
|
| 090 |
0 |
0 |
|a HF1017
|b .B68 2003 kit
|
| 100 |
0 |
|
|a Bowerman, Bruce L. ,
|e author
|
| 245 |
1 |
0 |
|a Business statistics in practice
|c Bruce L. Bowerman, Richard T. O'Connell
|f with MegaStat and other contributions by J. Burdeane Orris
|
| 250 |
|
|
|a 3rd ed
|
| 260 |
2 |
|
|a Boston :
|b McGraw-Hill/Irwin ,
|c c2003
|
| 300 |
|
|
|a xx, 864 p. :
|b col. ill. ;
|c 28 cm.
|e 1 CD-ROM (4 3/4 in.)
|
| 440 |
0 |
4 |
|a The McGraw-Hill/Irwin series in operations and dicision sciences
|
| 500 |
|
|
|a Accompanying manual entitled student solutions manual for use with business statistics in practice prepared by Susan Cramer
|
| 504 |
|
|
|a Includes bibliographical references (p. 855-856)
|
| 650 |
|
0 |
|a Commercial statistics
|
| 650 |
|
0 |
|a Statistics
|
| 700 |
0 |
|
|a O'Connell, Richard T. ,
|e author
|
| 700 |
0 |
|
|a Orris, J. B. ,
|e author
|
| 999 |
|
|
|a 1000105855
|b Book
|c OPEN SHELF (30 DAYS)
|e Gong Badak Campus
|
| 999 |
|
|
|a 1000105856
|b Book
|c OPEN SHELF (30 DAYS)
|e Gong Badak Campus
|
| 999 |
|
|
|a 1000105857
|b CD-ROM
|c Close Access
|e Gong Badak Campus
|